00425nam a2200169Ia 4500001000700000008004100007010001100048082001300059100002500072245005200097260003700149300002100186440000500207500000500212503000800217650003000225Z_2499220113s1986 xx 000 0 und d a165556 a551.5 T6 aTorres Ruiz, Edmundo aAgrometeorología /cpor Edmundo Torres Ruiz aMéxico, D. F. :bDiana,c1986 a150 p. : bilus. a a aC/E aMeteorología agrícola